Perspektívy ďalšieho rozvoja a prehĺbenia spolupráce Slovenska s Ruskom
Hospodárska a obchodná spolupráca s Ruskou federáciou zaujíma dôležité miesto v zahraničnoobchodnej činnosti Slovenskej republiky. Prehlbovanie vzájomnej spolupráce v rôznych oblastiach energetiky, priemyslu, dopravy, stavebníctva, vedy, techniky, kultúry, vzdelávania. Konkurencieschopnosť SR na rus...
Salvato in:
| Autore principale: | |
|---|---|
| Natura: | Capitolo di libro |
| Lingua: | slovacco |
| Soggetti: | |
| Tags: |
Nessun Tag, puoi essere il primo ad aggiungerne!!
|
MARC
| LEADER | 00000nla$a2200000$$$4500 | ||
|---|---|---|---|
| 001 | 0120574 | ||
| 005 | 20240502072346.6 | ||
| 041 | 0 | |a slo | |
| 044 | |a SK | ||
| 245 | 1 | 0 | |a Perspektívy ďalšieho rozvoja a prehĺbenia spolupráce Slovenska s Ruskom |c Kristína Drieniková |
| 520 | |a Hospodárska a obchodná spolupráca s Ruskou federáciou zaujíma dôležité miesto v zahraničnoobchodnej činnosti Slovenskej republiky. Prehlbovanie vzájomnej spolupráce v rôznych oblastiach energetiky, priemyslu, dopravy, stavebníctva, vedy, techniky, kultúry, vzdelávania. Konkurencieschopnosť SR na ruskom trhu. | ||
| 610 | 2 | 0 | |a Slovensko |
| 610 | 2 | 0 | |a Rusko |
| 610 | 2 | 0 | |a spolupráca cezhraničná |
| 610 | 2 | 0 | |a spolupráca podnikov |
| 610 | 2 | 0 | |a spolupráca intelektuálna |
| 610 | 2 | 0 | |a rozvoj hospodársky |
| 610 | 2 | 0 | |a dohody obchodné |
| 610 | 2 | 0 | |a kontrakty |
| 610 | 2 | 0 | |a konkurencieschopnosť |
| 100 | 1 | |a Drieniková, Kristína, 1982- | |